00440nam a22001577a 450000500170000000800410001702000150005804100130007308200140008610000240010024500340012425000190015826000470017730000330022465000250025720231124065348.0231124b |||||||| |||| 00| 0 eng d a0702104833 aEnglish  a340.9 SPI aSpiro, E lEnglish  aConflict of Laws / cE Spiro  aFirst Edition  aCape Town : bJuta and Company Ltd, c1973 bxxxvi, 291 pages ; c26 cm.  aLegal practice bLaw